| 000 | 00591nam a2200229Ia 4500 | ||
|---|---|---|---|
| 003 | OSt | ||
| 005 | 20220924134924.0 | ||
| 006 | a|||||r|||| 00| 0 | ||
| 007 | ta | ||
| 008 | 220923b |||||||| |||| 00| 0 ben d | ||
| 024 | _a287778 | ||
| 037 | _cTextual | ||
| 040 |
_aARTS _cARTS _bben |
||
| 041 |
_2ben _aben |
||
| 082 | _aDelta2y7M36:g, 157M71 | ||
| 100 |
_aGhosh _9104906 |
||
| 245 | 0 | _aSri Ramkrishna nikashe pancha maneesha | |
| 260 | _c1987 | ||
| 650 | _aSPIRurdALISM | ||
| 942 |
_hDelta2y7M36:g, 157M71 _cTEXL _2CC |
||
| 999 |
_c439047 _d439047 |
||